Click Europe on a Faded Map - Statistics

General Stats
  • This quiz has been taken 55 times
  • The average score is 39 of 45
Answers on the Map
Answers color-coded by a green-red scale on the quiz's map according to % correct below.
 
Answer Stats
Answer % Correct
France
94%
Norway
94%
Portugal
94%
Bosnia and Herzegovina
91%
Denmark
91%
Poland
91%
Russia
91%
Spain
91%
Ukraine
91%
Albania
89%
Andorra
89%
Croatia
89%
Germany
89%
Iceland
89%
Italy
89%
Latvia
89%
Netherlands
89%
Serbia
89%
Slovakia
89%
Sweden
89%
Switzerland
89%
Austria
87%
Belarus
87%
Belgium
87%
Bulgaria
87%
Finland
87%
Greece
87%
Ireland
87%
Malta
87%
Moldova
87%
Monaco
87%
North Macedonia
87%
Romania
87%
United Kingdom
87%
Czech Republic
85%
Lithuania
85%
San Marino
85%
Slovenia
85%
Vatican City
85%
Estonia
83%
Montenegro
83%
Hungary
81%
Liechtenstein
81%
Luxembourg
81%
Kosovo
79%
No matching quizzes found
Score Distribution
Percent of People with Each Score
Percentile by Number Answered
Your Score History
You have not taken this quiz